| 000 | 005990000a22001810004500 | ||
|---|---|---|---|
| 003 | LK-CoMWRAF | ||
| 005 | 20240315153301.0 | ||
| 008 | 230817t1978 ||||| |||| 00| 0 eng d | ||
| 040 |
_aLK-CoMWRAF _dLK-CoMWRAF _eLK-CoMWRAF |
||
| 041 | _aeng | ||
| 082 |
_a342.5493 _bSRI |
||
| 110 | _aSri Lanka, Democratic Socialist Republic | ||
| 245 | _aThe Constitution of the Democratic Socialist Republic of Sri Lanka [certified on 31st August, 1978] | ||
| 260 |
_aColombo: _b[Department of government printing], _c1978 |
||
| 300 | _avii. various paging | ||
| 650 | _aCONSTITUTIONAL LAW-Sri Lanka | ||
| 942 | _cBK | ||
| 999 |
_c283 _d283 |
||